Shades of love / (Record no. 79183)

MARC details
000 -LEADER
fixed length control field 00670nam a22001937a 4500
005 - DATE AND TIME OF LATEST TRANSACTION
control field 20131227114121.0
010 ## - LCCN (DPL NO)
LC control number B-495177-182
020 ## - INTERNATIONAL STANDARD BOOK NUMBER
International Standard Book Number 9789381841143
Terms of availability 100.00
035 ## - SYSTEM CONTROL NUMBER
System control number B-495177-182
037 ## - SOURCE OF ACQUISITION
Stock number dpl
Source of stock number/acquisition BBB/Ven
082 ## - DEWEY DECIMAL CLASSIFICATION NUMBER
Classification number S
245 ## - TITLE STATEMENT
Title Shades of love /
Statement of responsibility, etc edited by Ankit Mittal
260 ## - PUBLICATION, DISTRIBUTION, ETC. (IMPRINT)
Place of publication, distribution, etc New Dehli
Name of publisher, distributor, etc Grapevine India Publisher
Date of publication, distribution, etc 2013
270 ## - ADDRESS
Address Plot No. 4, First Floor, Pandav Nagar, Opposite Shadipur Metro Station Patel Nagar
City New Dehli
Postal code 110008
300 ## - PHYSICAL DESCRIPTION
Extent viii 231p. :
Dimensions 18cm(pbk)
700 ## - ADDED ENTRY--PERSONAL NAME
Personal name Mittal, Ankit
942 ## - ADDED ENTRY ELEMENTS (KOHA)
Source of classification or shelving scheme Dewey Decimal Classification
Item type English Books
Call number suffix MIT
Classification part S
Holdings
Withdrawn status Lost status Not for loan Collection code Home library Current library Date acquired Source of acquisition Cost, normal purchase price Full call number Barcode Copy number Cost, replacement price Koha item type Public note
      Fiction Central Library Central Library 27/12/2013 BBB/10341/11.03.2013/168/08.03.2013/15.03.2013 100.00 S MIT B-495177 1 100.00 English Books  
Withdrawn     Fiction Janak Puri Janak Puri 27/12/2013 BBB/10341/11.03.2013/168/08.03.2013/15.03.2013 100.00 S MIT B-495179 1 100.00 English Books  
Written off     Fiction Karol Bagh Karol Bagh 27/12/2013 BBB/10341/11.03.2013/168/08.03.2013/15.03.2013 100.00 S MIT B-495181 1 100.00 English Books Written off on approval by DLB (By Circulation); dtd 15-06-2023
      Fiction Patel Nagar Patel Nagar 27/12/2013 BBB/10341/11.03.2013/168/08.03.2013/15.03.2013 100.00 S MIT B-495178 1 100.00 English Books  
      Fiction Shahdara Branch Shahdara Branch 27/12/2013 BBB/10341/11.03.2013/168/08.03.2013/15.03.2013 100.00 S MIT B-495182 1 100.00 English Books  
      Fiction Sriniwas Puri Sriniwas Puri 27/12/2013 BBB/10341/11.03.2013/168/08.03.2013/15.03.2013 100.00 S MIT B-495180 1 100.00 English Books  

© Delhi Public Library
Hit Counter
free hit counter